LEADER 01419nam--2200421---450- 001 990001187500203316 005 20031008141202.0 035 $a000118750 035 $aUSA01000118750 035 $a(ALEPH)000118750USA01 035 $a000118750 100 $a20031008d--------km-y0itay0103----ba 101 0 $aita 102 $aIT 105 $a||||||||001yy 200 1 $aMedicamenta 205 $a7. ed 210 $aMilano$cCooperativa farmaceutica, 1991-1996 215 $a7 v.$cill., graf., tab.$d25 cm 327 1 $aVol. 1: Parte generale. XLVII, 1380 p.; Vol. 2: Parte generale. XLVII, 1380 p.; Vol. 3: Parte monografica: A - C. XLVII, 1380 p.; Vol. 4: Parte monografica: D-K. LXII, 1588 p.; Vol. 5: Parte monografica L - Po. LIV, 1578 p.; Vol. 6: Parte monografica: Pr - Z. LIV, 1472 p.; Vol. 7: Indice generale analitico. 342 p.; 410 0$12001 454 1$12001 461 1$1001-------$12001 606 0 $aFarmacologia 606 0 $aTerapeutica 676 $a615.1 801 0$aIT$bsalbc$gISBD 912 $a990001187500203316 951 $a615.1 MED 1$b1075 Farm.$c615 951 $a615.1 MED 2$b1076 Farm.$c615 951 $a615.1 MED 3$b1077 Farm.$c615 959 $aBK 969 $aFAR 979 $aSIAV1$b10$c20031008$lUSA01$h1349 979 $aSIAV1$b10$c20031008$lUSA01$h1412 979 $aPATRY$b90$c20040406$lUSA01$h1725 996 $aMedicamenta$9129283 997 $aUNISA